000 01104njm a22002897a 4500
005 2010090903563.0
007 sd ammalaaahaa
008 100901t xxu||||| |||| 00| 0 hin d
028 _aN. 2392 393
_bMusic India
028 _bMusic India
035 _aGR-03513
040 _aSED/VEN
100 _917815
_aKishor kumar
245 _aMera dost mera dushman /
_cby Kishor kumar ; music by Laxmikant Pyarelal ; lyrics Anand bakshi
_h[sound recording] :
246 _aमेरा दोस्त मेरा दुश्मन /किशोर कुमार द्वारा
260 _aDum Dum, India
_bMusic India
_c1966
300 _a1 sound disc :
_banalog, 33 1/3 rpm
_c10 in.
500 G _aBrief record
505 _aSide-१ Ek tara jogi aaya (Kishor kumar) Side-2 Goli chacha(Suresh wadkar)
650 _aClassical music
_xExcerpts
_zIndia
_917813
700 _918219
_aPyarelal, Laxmikant
700 _918220
_aBakshi, Anand
700 _919143
710 _919101
942 _2ddc
_cGR
999 _c46713
_d46713